[Event "Budapest FS09 Nadassy"]
[Site "Budapest"]
[Date "2018.09.02"]
[Round "2.4"]
[White "Pasti, Aron"]
[Black "Schenkerik, Csaba"]
[Result "0-1"]
[WhiteElo "1979"]
[BlackElo "2049"]
[PlyCount "82"]
[EventDate "2018.09.01"]
[EventType "schev"]
[EventRounds "10"]
[EventCountry "HUN"]
[SourceTitle "CBM 186 Extra"]
[Source "ChessBase"]
[SourceDate "2018.08.24"]
[SourceVersion "1"]
[SourceVersionDate "2018.08.24"]
[SourceQuality "1"]

1. e4 c5 2. Nf3 d6 3. d4 cxd4 4. Nxd4 Nf6 5. Nc3 g6 6. Be3 Bg7 7. f3 0-0 8. Qd2 Nc6 9. g4 Be6 10. 0-0-0 Qd7 11. h4 h5 12. g5 Ne8 13. f4 Bg4 14. Be2 Bxe2 15. Qxe2 Nc7 16. f5 Ne5 17. Rhf1 Ng4 18. Bf4 Kh7 19. f6 exf6 20. Ndb5 Nxb5 21. Nxb5 fxg5 22. Bxd6 Rfc8 23. hxg5 a6 24. Na3 Qe6 25. Kb1 Rc6 26. Bf4 b5 27. c3 Re8 28. Rfe1 Be5 29. Bxe5 Qxe5 30. Rd7 Re7 31. Rxe7 Qxe7 32. Qd2 Re6 33. Qf4 Re5 34. Nc2 Rxg5 35. Nd4 Qf6 36. Qc1 Ne5 37. Rf1 Qe7 38. Qf4 Rg2 39. Nf3 Rxb2+ 40. Ka1 Qa3 41. Ng5+ Kg8 0-1

[Event "Budapest FS09 Nadassy"]
[Site "Budapest"]
[Date "2018.09.01"]
[Round "1.4"]
[White "Schenkerik, Csaba"]
[Black "Chubakov, Sultan"]
[Result "1-0"]
[WhiteElo "2049"]
[BlackElo "1595"]
[PlyCount "75"]
[EventDate "2018.09.01"]
[EventType "schev"]
[EventRounds "10"]
[EventCountry "HUN"]
[SourceTitle "CBM 186 Extra"]
[Source "ChessBase"]
[SourceDate "2018.08.24"]
[SourceVersion "1"]
[SourceVersionDate "2018.08.24"]
[SourceQuality "1"]

1. e4 c5 2. Nc3 e6 3. Nf3 a6 4. d4 cxd4 5. Nxd4 b5 6. Bd3 Qb6 7. Nb3 Qc7 8. 0-0 Bb7 9. a4 b4 10. Ne2 Nf6 11. e5 Qxe5 12. Bf4 Qd5 13. f3 Be7 14. c4 bxc3 15. Nxc3 Qc6 16. Kh1 Qc8 17. Na5 Nc6 18. Nc4 0-0 19. Nb6 Qd8 20. Nxa8 Qxa8 21. Qd2 d5 22. a5 Bb4 23. Qe2 Re8 24. Bc7 e5 25. Na4 Re7 26. Bb6 Nd4 27. Bxd4 exd4 28. Qf2 Re3 29. Rfd1 Qe8 30. Qc2 Qe5 31. Nc5 Qc7 32. Ne4 Qxc2 33. Nxf6+ gxf6 34. Bxc2 Re2 35. Rxd4 Bxa5 36. Bd3 Rd2 37. h3 Bb6 38. Bxh7+ 1-0

[Event "Budapest FS12 FM-A"]
[Site "Budapest"]
[Date "2014.12.15"]
[Round "9"]
[White "Czibulka, Zoltan"]
[Black "Schenkerik, Csaba"]
[Result "1/2-1/2"]
[WhiteElo "2007"]
[BlackElo "2058"]
[PlyCount "29"]
[EventDate "2014.12.06"]
[EventType "tourn"]
[EventRounds "9"]
[EventCountry "HUN"]
[SourceTitle "CBM 163 Extra"]
[Source "ChessBase"]
[SourceDate "2014.12.23"]
[SourceVersion "1"]
[SourceVersionDate "2014.12.23"]
[SourceQuality "1"]

1. Nf3 d5 2. c4 c6 3. b3 Bf5 4. Bb2 e6 5. d3 Nf6 6. g3 Be7 7. Bg2 0-0 8. 0-0 h6 9. Nbd2 Bh7 10. Ne5 a5 11. a3 Nbd7 12. Ndf3 Nxe5 13. Nxe5 Nd7 14. Nxd7 Qxd7 15. Qc2 1/2-1/2

[Event "Budapest FS12 FM-A"]
[Site "Budapest"]
[Date "2014.12.12"]
[Round "7"]
[White "Marjanovic, Gyorgy"]
[Black "Schenkerik, Csaba"]
[Result "1/2-1/2"]
[WhiteElo "2021"]
[BlackElo "2058"]
[PlyCount "89"]
[EventDate "2014.12.06"]
[EventType "tourn"]
[EventRounds "9"]
[EventCountry "HUN"]
[SourceTitle "CBM 163 Extra"]
[Source "ChessBase"]
[SourceDate "2014.12.23"]
[SourceVersion "1"]
[SourceVersionDate "2014.12.23"]
[SourceQuality "1"]

1. e4 e6 2. d4 d5 3. Nc3 Nf6 4. Bg5 Be7 5. e5 Nfd7 6. Bxe7 Qxe7 7. f4 a6 8. Nf3 c5 9. Qd2 Nc6 10. 0-0-0 b5 11. dxc5 Qxc5 12. Bd3 Bb7 13. f5 0-0-0 14. fxe6 fxe6 15. Ng5 Qe7 16. Bxh7 Ndxe5 17. Bd3 Nxd3+ 18. cxd3 Rh5 19. Nf3 d4 20. Ne4 Nb4 21. Kb1 Bxe4 22. dxe4 e5 23. Rc1+ Kb7 24. g4 Rhh8 25. Nxe5 Qxe5 26. Qxb4 Qxe4+ 27. Ka1 Qxg4 28. Rc5 Qd7 29. a4 Rh6 30. axb5 a5 31. Qc4 d3 32. Qe4+ Kb8 33. Qe5+ Qd6 34. Qxd6+ Rdxd6 35. Rg5 d2 36. Rd1 Rxh2 37. Rxg7 Re2 38. Rgg1 Kb7 39. Kb1 Kb6 40. Kc2 Kxb5 41. Rg3 Rc6+ 42. Rc3 Rd6 43. Rb3+ Kc4 44. Rc3+ Kb4 45. Rb3+ 1/2-1/2

[Event "Budapest FS12 FM-A"]
[Site "Budapest"]
[Date "2014.12.09"]
[Round "4"]
[White "Oberfrank, Istvan1"]
[Black "Schenkerik, Csaba"]
[Result "0-1"]
[WhiteElo "1785"]
[BlackElo "2058"]
[PlyCount "68"]
[EventDate "2014.12.06"]
[EventType "tourn"]
[EventRounds "9"]
[EventCountry "HUN"]
[SourceTitle "CBM 163 Extra"]
[Source "ChessBase"]
[SourceDate "2014.12.23"]
[SourceVersion "1"]
[SourceVersionDate "2014.12.23"]
[SourceQuality "1"]

1. e4 c5 2. Nf3 a6 3. d4 cxd4 4. Nxd4 Nf6 5. Nc3 e5 6. Nb3 Bb4 7. Bd3 d5 8. 0-0 Bxc3 9. bxc3 dxe4 10. Be2 0-0 11. Ba3 Re8 12. Qxd8 Rxd8 13. Rad1 Re8 14. Rd6 Be6 15. c4 Nbd7 16. Rfd1 Rac8 17. h3 Bxc4 18. Bxc4 Rxc4 19. Rxd7 Nxd7 20. Rxd7 Rxc2 21. Rxb7 Rxa2 22. Bd6 Rb2 23. Bxe5 Rb1+ 24. Kh2 f6 25. Bd4 Rd8 26. Be3 Rd5 27. Nc5 Rxb7 28. Nxb7 a5 29. Nc5 f5 30. g3 Kf7 31. Kg2 Ke7 32. Kf1 Kd6 33. Na4 Rd3 34. Nb2 Rc3 0-1

[Event "Budapest FS12 FM-A"]
[Site "Budapest"]
[Date "2014.12.07"]
[Round "2"]
[White "Ding, Tze How Dilwen"]
[Black "Schenkerik, Csaba"]
[Result "1/2-1/2"]
[WhiteElo "1813"]
[BlackElo "2058"]
[PlyCount "30"]
[EventDate "2014.12.06"]
[EventType "tourn"]
[EventRounds "9"]
[EventCountry "HUN"]
[SourceTitle "CBM 163 Extra"]
[Source "ChessBase"]
[SourceDate "2014.12.23"]
[SourceVersion "1"]
[SourceVersionDate "2014.12.23"]
[SourceQuality "1"]

1. d4 d5 2. c4 c6 3. Nf3 e6 4. Qc2 Nf6 5. g3 Be7 6. Bg2 0-0 7. 0-0 b6 8. Nbd2 Bb7 9. b3 Na6 10. Bb2 Rc8 11. Rac1 Rc7 12. Rfd1 Qa8 13. Qb1 Rfc8 14. cxd5 cxd5 15. Ne5 Bd6 1/2-1/2

[Event "Budapest FS07 FM-A"]
[Site "Budapest"]
[Date "2014.07.14"]
[Round "9"]
[White "Reh, Philipp"]
[Black "Schenkerik, Csaba"]
[Result "1/2-1/2"]
[WhiteElo "2064"]
[BlackElo "2073"]
[PlyCount "31"]
[EventDate "2014.07.05"]
[EventType "tourn"]
[EventRounds "9"]
[EventCountry "HUN"]
[SourceTitle "CBM 161 Extra"]
[Source "ChessBase"]
[SourceDate "2014.08.29"]
[SourceVersion "1"]
[SourceVersionDate "2014.08.29"]
[SourceQuality "1"]

1. d4 f5 2. g3 Nf6 3. Bg2 g6 4. Nh3 Bg7 5. Nf4 0-0 6. c3 c6 7. Qb3+ Kh8 8. h4 Qb6 9. Nd2 Qxb3 10. axb3 d6 11. Nf3 Na6 12. h5 gxh5 13. Ng5 Nc7 14. Nxh5 Nxh5 15. Rxh5 h6 16. Nf3 1/2-1/2

[Event "Budapest FS07 FM-A"]
[Site "Budapest"]
[Date "2014.07.13"]
[Round "8"]
[White "Schenkerik, Csaba"]
[Black "Dombi Marias, Rudolf"]
[Result "1/2-1/2"]
[WhiteElo "2073"]
[BlackElo "2028"]
[PlyCount "53"]
[EventDate "2014.07.05"]
[EventType "tourn"]
[EventRounds "9"]
[EventCountry "HUN"]
[SourceTitle "CBM 161 Extra"]
[Source "ChessBase"]
[SourceDate "2014.08.29"]
[SourceVersion "1"]
[SourceVersionDate "2014.08.29"]
[SourceQuality "1"]

1. d4 Nf6 2. c4 e6 3. Nc3 d5 4. cxd5 exd5 5. Bf4 Be7 6. Qc2 c6 7. e3 Nbd7 8. Bd3 Nf8 9. 0-0-0 Ng6 10. Bg3 Be6 11. Nge2 Qd7 12. Nf4 Nxf4 13. Bxf4 0-0-0 14. Kb1 Nh5 15. Bg3 Nxg3 16. hxg3 h6 17. f3 Kb8 18. g4 Bg5 19. Qf2 f5 20. gxf5 Bxf5 21. Bxf5 Qxf5+ 22. Ka1 Rhe8 23. Rhe1 Re7 24. Rd2 Rde8 25. Rde2 Qe6 26. f4 Bf6 27. Qf3 1/2-1/2

[Event "Budapest FS07 FM-A"]
[Site "Budapest"]
[Date "2014.07.11"]
[Round "6"]
[White "Schenkerik, Csaba"]
[Black "Laza, Szabolcs"]
[Result "1-0"]
[WhiteElo "2073"]
[BlackElo "2097"]
[PlyCount "167"]
[EventDate "2014.07.05"]
[EventType "tourn"]
[EventRounds "9"]
[EventCountry "HUN"]
[SourceTitle "CBM 161 Extra"]
[Source "ChessBase"]
[SourceDate "2014.08.29"]
[SourceVersion "1"]
[SourceVersionDate "2014.08.29"]
[SourceQuality "1"]

1. e4 c5 2. Nf3 d6 3. d4 cxd4 4. Nxd4 Nf6 5. Nc3 Nc6 6. Bc4 Qb6 7. Nb3 e6 8. Be3 Qc7 9. f4 Be7 10. Bd3 0-0 11. Qf3 Nb4 12. 0-0-0 Nxd3+ 13. cxd3 Bd7 14. Kb1 Bc6 15. g4 Nd7 16. d4 Nb6 17. d5 Bd7 18. f5 Bf6 19. Bd4 Bxd4 20. Nxd4 exd5 21. f6 Qd8 22. fxg7 Kxg7 23. Nf5+ Bxf5 24. gxf5 f6 25. Nxd5 Nxd5 26. Rxd5 Qe7 27. Rhd1 Rad8 28. Qf4 Rfe8 29. R1d4 Kf7 30. a3 a6 31. Ka1 Kf8 32. Rxd6 Rxd6 33. Rxd6 Qxe4 34. Rxf6+ Kg8 35. Qxe4 Rxe4 36. Rb6 Re5 37. f6 Rf5 38. Ka2 h5 39. Rxb7 Rxf6 40. Kb3 Rf2 41. h4 Rf4 42. Rb4 Rf5 43. Re4 Kf7 44. Kc4 Kf6 45. b4 Rf3 46. a4 Ra3 47. a5 Ra2 48. Kc5 Rd2 49. Rc4 Kf5 50. Rd4 Re2 51. b5 axb5 52. Kxb5 Re5+ 53. Kb6 Re6+ 54. Kc5 Ra6 55. Kb5 Re6 56. a6 Re5+ 57. Kb6 Re6+ 58. Kb7 Re7+ 59. Kc6 Re6+ 60. Rd6 Re4 61. Rd5+ Ke6 62. Rxh5 Ra4 63. Kb6 Kd7 64. a7 Rb4+ 65. Ka5 Rb1 66. Rh7+ Kd6 67. h5 Ra1+ 68. Kb6 Rb1+ 69. Ka6 Ra1+ 70. Kb7 Rb1+ 71. Kc8 Ra1 72. Kb8 Rb1+ 73. Rb7 Rg1 74. a8Q Rg8+ 75. Ka7 Rxa8+ 76. Kxa8 Ke6 77. h6 Kf6 78. h7 Kg5 79. h8Q Kf5 80. Re7 Kg4 81. Qf6 Kh5 82. Re5+ Kg4 83. Rg5+ Kh3 84. Qh6# 1-0

[Event "Budapest FS03 FM-A"]
[Site "Budapest"]
[Date "2014.03.08"]
[Round "6"]
[White "Juracsik, Jozsef"]
[Black "Schenkerik, Csaba"]
[Result "1/2-1/2"]
[WhiteElo "2124"]
[BlackElo "2077"]
[PlyCount "32"]
[EventDate "2014.03.01"]
[EventType "tourn"]
[EventRounds "9"]
[EventCountry "HUN"]
[SourceTitle "CBM 159 Extra"]
[Source "ChessBase"]
[SourceDate "2014.04.24"]
[SourceVersion "1"]
[SourceVersionDate "2014.04.24"]
[SourceQuality "1"]

1. e4 d5 2. exd5 Qxd5 3. Nc3 Qd7 4. d4 b6 5. Nf3 Nc6 6. Be2 e6 7. 0-0 Bb7 8. Be3 Nf6 9. Qd2 Bd6 10. Rfe1 0-0 11. Rad1 a6 12. h3 Rfe8 13. Bf4 Bxf4 14. Qxf4 Rad8 15. Bf1 h6 16. a3 Qe7 1/2-1/2

[Event "Budapest FS03 FM-A"]
[Site "Budapest"]
[Date "2014.03.06"]
[Round "5"]
[White "Marcu, Simon"]
[Black "Schenkerik, Csaba"]
[Result "1/2-1/2"]
[WhiteElo "1892"]
[BlackElo "2077"]
[PlyCount "59"]
[EventDate "2014.03.01"]
[EventType "tourn"]
[EventRounds "9"]
[EventCountry "HUN"]
[SourceTitle "CBM 159 Extra"]
[Source "ChessBase"]
[SourceDate "2014.04.24"]
[SourceVersion "1"]
[SourceVersionDate "2014.04.24"]
[SourceQuality "1"]

1. d4 f5 2. c4 e6 3. a3 b6 4. Nf3 Nf6 5. g3 Bb7 6. Bg2 Be7 7. 0-0 0-0 8. Nc3 Qe8 9. d5 Ne4 10. Bf4 Nxc3 11. bxc3 Bf6 12. Bxc7 Bxc3 13. Bd6 Bxa1 14. Bxf8 Bf6 15. Bd6 Na6 16. Ne5 Bxe5 17. Bxe5 Nc5 18. Qd4 Qf7 19. d6 Bxg2 20. Kxg2 Rc8 21. Kh1 Qg6 22. f3 Rf8 23. Rg1 h5 24. h3 Rf7 25. Qh4 Nb7 26. Qd4 Qh6 27. h4 Nc5 28. Bf4 Qf6 29. Be5 Qh6 30. Bf4 1/2-1/2

[Event "Budapest FS03 FM-A"]
[Site "Budapest"]
[Date "2014.03.04"]
[Round "3"]
[White "Lukacs, Albert"]
[Black "Schenkerik, Csaba"]
[Result "1/2-1/2"]
[WhiteElo "1902"]
[BlackElo "2077"]
[PlyCount "24"]
[EventDate "2014.03.01"]
[EventType "tourn"]
[EventRounds "9"]
[EventCountry "HUN"]
[SourceTitle "CBM 159 Extra"]
[Source "ChessBase"]
[SourceDate "2014.04.24"]
[SourceVersion "1"]
[SourceVersionDate "2014.04.24"]
[SourceQuality "1"]

1. e4 c6 2. d4 d5 3. Nc3 dxe4 4. Nxe4 Nd7 5. Bc4 Ngf6 6. Qf3 e6 7. Bg5 Be7 8. 0-0-0 Nxe4 9. Bxe7 Qxe7 10. Qxe4 Nf6 11. Qe5 Bd7 12. Nh3 0-0-0 1/2-1/2